[Event "25th Czech Rapid G1 2014"]
[Site "Pardubice CZE"]
[Date "2014.07.17"]
[Round "6.29"]
[White "Setyaki, Azarya Jodi"]
[Black "Sergeyev, Alexander"]
[Result "1/2-1/2"]
[WhiteTitle "CM"]
[BlackTitle "FM"]
[WhiteElo "2231"]
[BlackElo "2389"]
[WhiteFideId "7101589"]
[BlackFideId "13702076"]
[EventDate "2014.07.16"]

1. e4 e5 2. Nf3 Nf6 3. Nxe5 d6 4. Nf3 Nxe4 5. Nc3 Nxc3 6. dxc3 Nd7 7. Bf4 Be7 8.
Qd2 Nc5 9. O-O-O Bg4 10. Be2 Ne6 11. Be3 c6 12. c4 a6 13. Nd4 Bxe2 14. Qxe2 Nxd4
15. Bxd4 O-O 16. Qg4 Bf6 17. Qg3 Re8 18. Bxf6 Qxf6 19. Rxd6 Qf5 20. Rhd1 Rac8
21. R6d4 b5 22. Rf4 Qc5 23. Qd3 Qg5 24. g3 Rcd8 25. Qf3 bxc4 26. Rxd8 Qxd8 27.
Qc3 Qd5 28. b3 cxb3 29. axb3 h6 30. Kb2 Re2 31. Rd4 Qf5 32. Rf4 Qd5 33. Rg4 Qe5
34. Qxe5 Rxe5 35. Ra4 a5 36. Rc4 Re2 37. Rf4 g5 38. Rf5 Kg7 39. Kc3 Kg6 40. g4
h5 41. h3 Re4 42. f3 Re2 43. Kd3 Rh2 44. Rc5 Rxh3 45. Rxc6+ f6 46. gxh5+ Kf5 47.
Ke3 g4 48. Rc5+ Ke6 49. Rxa5 Rxf3+ 50. Ke2 f5 51. h6 Rh3 52. b4 f4 53. Rg5 Rh2+
54. Kd3 g3 55. Ke4 Rxh6 56. Kxf4 Rh4+ 57. Kxg3 Rxb4 1/2-1/2

[Event "25th Czech Rapid G1 2014"]
[Site "Pardubice CZE"]
[Date "2014.07.17"]
[Round "6.30"]
[White "Galchenko, Matvei"]
[Black "Hnydiuk, Aleksander"]
[Result "0-1"]
[BlackTitle "IM"]
[WhiteElo "1878"]
[BlackElo "2375"]
[WhiteFideId "34135992"]
[BlackFideId "1109057"]
[EventDate "2014.07.16"]

1. Nf3 Nf6 2. g3 d5 3. Bg2 c6 4. O-O Bg4 5. h3 Bh5 6. d3 Nbd7 7. c4 e6 8. Qc2
Bd6 9. Nbd2 O-O 10. a3 a5 11. b3 e5 12. e4 dxe4 13. Nxe4 Nxe4 14. dxe4 Nc5 15.
Be3 Ne6 16. Qc3 Bxf3 17. Bxf3 Qe7 18. Rfd1 Rfd8 19. Bb6 Bc7 20. Rxd8+ Qxd8 21.
Rd1 Qe7 22. Qe3 Bxb6 23. Qxb6 Nd4 24. Rxd4 exd4 25. Qxd4 Qxa3 26. Qb6 Qb4 0-1

[Event "25th Czech Rapid G1 2014"]
[Site "Pardubice CZE"]
[Date "2014.07.17"]
[Round "6.31"]
[White "Belyakov, Bogdan"]
[Black "Yakimenko, Alexander A."]
[Result "1-0"]
[WhiteTitle "IM"]
[WhiteElo "2456"]
[BlackElo "2142"]
[WhiteFideId "24104795"]
[BlackFideId "24141917"]
[EventDate "2014.07.16"]

1. e4 e6 2. d4 d5 3. e5 c5 4. c3 Nc6 5. Nf3 Qb6 6. a3 c4 7. Nbd2 Na5 8. g3 Bd7
9. Bg2 Be7 10. O-O g5 11. Re1 O-O-O 12. Nf1 h6 13. N3d2 f5 14. exf6 Nxf6 15. Ne3
Bd6 16. Rb1 Kb8 17. b3 cxb3 18. c4 dxc4 19. Ndxc4 Nxc4 20. Nxc4 Qc7 21. Qxb3 Bc8
22. Bd2 Nd5 23. Ba5 b6 24. Bxd5 exd5 25. Nxb6 axb6 26. Bxb6 Qb7 27. Bxd8 Qxb3
28. Rxb3+ Ka8 29. Bf6 Rg8 30. Be5 Re8 31. Rbe3 Bf8 32. Rb1 Bd7 33. Reb3 Be7 34.
Rb8+ Rxb8 35. Rxb8+ Ka7 36. Rh8 Bf5 37. Rxh6 Bxa3 38. Rh5 Bc1 39. h4 Bg6 40. Rh6
Be4 41. hxg5 Bxg5 42. Rd6 Bf3 43. Bf4 1-0

[Event "25th Czech Rapid G1 2014"]
[Site "Pardubice CZE"]
[Date "2014.07.17"]
[Round "6.32"]
[White "Nguyen, Thai Dai Van"]
[Black "Zwardon, Vojtech"]
[Result "1/2-1/2"]
[WhiteTitle "CM"]
[BlackTitle "IM"]
[WhiteElo "2261"]
[BlackElo "2399"]
[WhiteFideId "358878"]
[BlackFideId "325511"]
[EventDate "2014.07.16"]

1. e4 c5 2. Nf3 Nc6 3. d4 cxd4 4. Nxd4 e5 5. Nb5 a6 6. Nd6+ Bxd6 7. Qxd6 Qe7 8.
Qd1 Nf6 9. Nc3 d6 10. Be2 Be6 11. O-O O-O 12. Be3 Rfd8 13. Nd5 Bxd5 14. exd5 Nb8
15. c4 Nbd7 16. Rc1 Rdc8 17. b3 a5 18. a3 h6 19. f3 Nh5 20. Qd2 Nf4 21. Rfe1 Qf6
22. Bf1 Nc5 23. Rc3 a4 24. b4 Nb3 25. Qb2 b5 26. Bxf4 exf4 27. Re4 bxc4 28. Bxc4
Rc7 29. Rc2 Qd8 30. Bxb3 axb3 31. Qxb3 Rxc2 32. Qxc2 Rxa3 33. h3 Ra1+ 34. Kh2 g5
35. Qc3 Rd1 36. Rd4 Rxd4 37. Qxd4 Qe8 38. Qf6 Qe1 1/2-1/2

[Event "25th Czech Rapid G1 2014"]
[Site "Pardubice CZE"]
[Date "2014.07.17"]
[Round "6.33"]
[White "Soural, Jan"]
[Black "Musat, Adrian"]
[Result "1-0"]
[BlackTitle "FM"]
[WhiteElo "2234"]
[BlackElo "2401"]
[WhiteFideId "311928"]
[BlackFideId "1203452"]
[EventDate "2014.07.16"]

1. d4 Nf6 2. c4 e6 3. Nc3 c5 4. d5 exd5 5. cxd5 d6 6. Nf3 g6 7. g3 Bg7 8. Bg2
O-O 9. O-O Na6 10. Bf4 Nc7 11. a4 Re8 12. Re1 Ne4 13. Nxe4 Rxe4 14. Qc1 Nxd5 15.
Nd2 Rxf4 16. gxf4 Nxf4 17. Ra3 Nxg2 18. Kxg2 b6 19. Nf1 Bb7+ 20. f3 f5 21. b4
Qh4 22. bxc5 dxc5 23. Rd1 Bd4 24. Ng3 Be5 25. a5 Re8 26. Rd2 Bb8 27. axb6 axb6
28. Qb1 f4 29. Qa2+ Kh8 30. Qf7 Qe7 31. Qxe7 Rxe7 32. Rd8+ Kg7 33. Rxb8 fxg3 34.
Kxg3 Bd5 35. e4 Bf7 36. Rxb6 c4 37. Rc6 Rd7 38. Kf4 h6 39. h4 Rb7 40. Ra8 1-0

[Event "25th Czech Rapid G1 2014"]
[Site "Pardubice CZE"]
[Date "2014.07.17"]
[Round "6.34"]
[White "Maslak, Alexander"]
[Black "Vrana, Jan"]
[Result "0-1"]
[BlackTitle "FM"]
[WhiteElo "2170"]
[BlackElo "2374"]
[WhiteFideId "4130871"]
[BlackFideId "322369"]
[EventDate "2014.07.16"]

1. e4 e5 2. Nf3 Nc6 3. Bb5 Nge7 4. O-O a6 5. Ba4 g6 6. c3 Bg7 7. d4 exd4 8. cxd4
b5 9. Bb3 O-O 10. d5 Na5 11. Bc2 d6 12. h3 c5 13. dxc6 Nexc6 14. Nc3 Nc4 15. Rb1
Be6 16. Nd5 Bxd5 17. exd5 Nb4 18. Bb3 a5 19. a3 Na6 20. a4 Qd7 21. Nd4 Nc5 22.
Nxb5 Nb6 23. Be3 Rfc8 24. Bc2 Rab8 25. b3 Na6 26. Be4 Nb4 27. Rc1 Rxc1 28. Bxc1
Rd8 29. Bg5 Re8 30. Bf3 Be5 31. Qd2 Qf5 32. Be3 N6xd5 33. Bxd5 Nxd5 34. f4 Bc3
35. Nxc3 Nxe3 36. Rf3 Qc5 37. Kh2 d5 38. Nb5 h5 39. Nd4 Qe7 40. Qxa5 Qe4 41. Qd2
h4 42. a5 g5 43. fxg5 Qe5+ 44. Kg1 Qe4 45. a6 Qb1+ 46. Kh2 Nf1+ 47. Rxf1 Qxf1
48. Nf3 Re2 49. a7 Qxg2# 0-1

[Event "25th Czech Rapid G1 2014"]
[Site "Pardubice CZE"]
[Date "2014.07.17"]
[Round "6.35"]
[White "Scherbakov, Mikhail"]
[Black "Novotny, Michal"]
[Result "0-1"]
[BlackTitle "FM"]
[WhiteElo "1854"]
[BlackElo "2354"]
[WhiteFideId "34130184"]
[BlackFideId "310980"]
[EventDate "2014.07.16"]

1. e4 e6 2. d4 d5 3. Nd2 Be7 4. Bd3 c5 5. c3 cxd4 6. cxd4 dxe4 7. Nxe4 Nc6 8.
Nf3 Nf6 9. O-O O-O 10. Bc2 Nb4 11. Bb1 Bd7 12. a3 Nbd5 13. Re1 Rc8 14. Ne5 Bb5
15. Nxf6+ Bxf6 16. a4 Bc6 17. Ra3 Ne7 18. Rh3 Ng6 19. Qh5 h6 20. Nxg6 fxg6 21.
Qxg6 Qd5 22. Bxh6 Qxg2+ 23. Qxg2 Bxg2 24. Rg3 Bd5 25. Be4 Bxd4 26. Bxd5 Bxf2+
27. Kg2 Bxg3 28. Bxe6+ Kh7 29. hxg3 Rc2+ 30. Kh3 Kxh6 31. b3 Kg5 32. Re5+ Kf6
33. Bf5 Kxe5 34. Bxc2 Kd4 35. Kg4 Kc3 36. Be4 b6 37. Bd5 a5 38. Kg5 Rf6 39. g4
Kd4 40. Bg8 Ke5 41. Bc4 Kd6 42. Kh5 Ke7 43. g5 Rd6 44. Bg8 Kd7 45. Kg4 Kc6 46.
Kf5 Kc5 47. Ke5 Rd8 48. Bf7 Rd6 49. Bg8 Rg6 50. Kf5 Rc6 51. Ke5 b5 52. axb5 Kxb5
53. Bf7 Kb4 54. g6 Rf6 55. Kd5 Kxb3 56. Kd4+ 0-1

[Event "25th Czech Rapid G1 2014"]
[Site "Pardubice CZE"]
[Date "2014.07.17"]
[Round "6.36"]
[White "Mudrak, Josef"]
[Black "Seidl, Stepan"]
[Result "1-0"]
[WhiteTitle "FM"]
[WhiteElo "2350"]
[BlackElo "2209"]
[WhiteFideId "301116"]
[BlackFideId "338290"]
[EventDate "2014.07.16"]

1. d4 Nf6 2. Nf3 g6 3. g3 Bg7 4. Bg2 d5 5. O-O c6 6. c4 dxc4 7. Nc3 O-O 8. e4
Bg4 9. h3 Bxf3 10. Bxf3 Nfd7 11. Be3 e5 12. d5 cxd5 13. exd5 Na6 14. Qe2 Rc8 15.
Nb5 e4 16. Bxe4 Qa5 17. Nd6 Rc7 18. Nxc4 Qb4 19. Rac1 Ne5 20. b3 b5 21. Bd2 bxc4
22. Bxb4 Nxb4 23. bxc4 f5 24. d6 Rd7 25. Bd5+ Kh8 26. Rb1 a5 27. Rxb4 axb4 28.
c5 f4 29. Qb5 Bh6 30. Be6 Ra7 31. c6 Nf3+ 32. Kg2 Nd4 33. Qd5 Ne2 34. Kh1 Bg7
35. c7 fxg3 36. c8=Q Rxc8 37. Bxc8 g2+ 38. Qxg2 Nf4 39. Qe4 Rf7 1-0

[Event "25th Czech Rapid G1 2014"]
[Site "Pardubice CZE"]
[Date "2014.07.17"]
[Round "6.37"]
[White "Korinek, Ondrej"]
[Black "Bjornsson, Tomas"]
[Result "1-0"]
[WhiteTitle "FM"]
[BlackTitle "FM"]
[WhiteElo "2331"]
[BlackElo "2144"]
[WhiteFideId "319856"]
[BlackFideId "2300303"]
[EventDate "2014.07.16"]

1. e4 c5 2. Nf3 d6 3. d4 cxd4 4. Nxd4 Nf6 5. Nc3 Nc6 6. f3 e6 7. Be3 Be7 8. Qd2
O-O 9. g4 a6 10. O-O-O Qc7 11. h4 b5 12. Nxc6 Qxc6 13. h5 Nd7 14. Ne2 Ne5 15.
Nd4 Qc7 16. g5 Nc4 17. Bxc4 Qxc4 18. Kb1 e5 19. Nf5 Bxf5 20. exf5 Rfd8 21. b3
Qc6 22. g6 Qxf3 23. Rdf1 Qe4 24. gxh7+ Kh8 25. h6 g6 26. fxg6 fxg6 27. Bg5 Qb7
28. Rh2 Rf8 29. Rhf2 Rxf2 30. Rxf2 Bxg5 31. Qxg5 Kxh7 32. Rf6 Rg8 33. Rxd6 Qh1+
34. Kb2 Qxh6 35. Qg4 Qh5 36. Qg2 Qf5 37. Rd1 Rf8 38. Qh2+ Kg7 39. Rh1 e4 40.
Qh6+ Kf7 41. Qh7+ Ke6 42. Rd1 Rf7 43. Qg8 Qe5+ 44. Kb1 e3 45. Qe8+ Re7 46. Qxg6+
Qf6 47. Rd6+ Kxd6 48. Qxf6+ Re6 49. Qf1 e2 50. Qe1 Kc6 51. Kc1 Kd5 52. Kd2 Kc5
53. c3 Kd5 54. Qh1+ Kd6 55. Ke1 1-0

[Event "25th Czech Rapid G1 2014"]
[Site "Pardubice CZE"]
[Date "2014.07.17"]
[Round "6.38"]
[White "Hoegener, Claude"]
[Black "Michenka, Jozef"]
[Result "1-0"]
[BlackTitle "IM"]
[WhiteElo "2083"]
[BlackElo "2326"]
[WhiteFideId "4000978"]
[BlackFideId "301175"]
[EventDate "2014.07.16"]

1. d4 Nf6 2. Nf3 e6 3. Bg5 d5 4. Nbd2 Be7 5. c3 Nbd7 6. Qc2 c5 7. e3 h6 8. Bf4
Nh5 9. Be5 Nxe5 10. Nxe5 Nf6 11. Bd3 a6 12. h4 Nd7 13. Ndf3 Nxe5 14. Nxe5 c4 15.
Be2 Bxh4 16. Bh5 O-O 17. O-O-O Bf6 18. g4 Bd7 19. f4 Bxe5 20. dxe5 Qa5 21. g5
Ba4 22. Qg2 g6 23. Rdg1 Bc6 24. Bxg6 fxg6 25. Rxh6 Qxa2 26. Qc2 Rf5 27. Rgh1 Kf8
28. Rh8+ Ke7 29. R1h7+ Rf7 30. Rxf7+ Kxf7 31. Rxa8 Ba4 32. Qb1 Qb3 33. Kd2 Kg7
34. Rd8 Qb5 35. b4 d4 36. Qh1 dxe3+ 37. Kc1 1-0

[Event "25th Czech Rapid G1 2014"]
[Site "Pardubice CZE"]
[Date "2014.07.17"]
[Round "6.39"]
[White "Rozhkov, Viacheslav"]
[Black "Chekletsov, Ilya"]
[Result "1-0"]
[WhiteTitle "FM"]
[WhiteElo "2327"]
[BlackElo "2078"]
[WhiteFideId "4181484"]
[BlackFideId "24177156"]
[EventDate "2014.07.16"]

1. e4 c5 2. Nf3 Nc6 3. d4 cxd4 4. Nxd4 g6 5. Nc3 Bg7 6. Be3 Nf6 7. Nxc6 bxc6 8.
e5 Nd5 9. Nxd5 cxd5 10. Qxd5 Rb8 11. Bc4 e6 12. Qc5 Bb7 13. O-O Rc8 14. Qb4 Bxe5
15. f4 Bf6 16. Rad1 Be7 17. Qxb7 Rxc4 18. Qxa7 Rxc2 19. Bd4 O-O 20. Bc3 Qa8 21.
Qxa8 Rxa8 22. Rxd7 Bc5+ 23. Kh1 Bf8 24. h3 Rxa2 25. Rd8 Ra4 26. Bf6 Rc7 27. Rfd1
Rac4 28. Rxf8+ 1-0

[Event "25th Czech Rapid G1 2014"]
[Site "Pardubice CZE"]
[Date "2014.07.17"]
[Round "6.40"]
[White "Kratochvil, Karel"]
[Black "Lehmann, Holger"]
[Result "0-1"]
[WhiteElo "2164"]
[BlackElo "2185"]
[WhiteFideId "325546"]
[BlackFideId "4620275"]
[EventDate "2014.07.16"]

1. d4 d5 2. c4 c6 3. Nc3 dxc4 4. e3 b5 5. Nxb5 cxb5 6. Qf3 Qc7 7. Qxa8 Bb7 8.
Qxa7 e5 9. d5 Bc5 10. d6 Bxd6 11. Bxc4 bxc4 12. Nf3 Nf6 13. O-O O-O 14. Rd1 Nc6
15. Qa4 e4 16. Nd4 Bxh2+ 17. Kf1 Nxd4 18. Rxd4 Be5 19. Rxc4 Qd6 20. Bd2 Ba6 21.
Rd1 Qd3+ 22. Kg1 Qxc4 23. Bb4 Re8 24. g3 h5 25. a3 h4 26. gxh4 Qe2 0-1

[Event "25th Czech Rapid G1 2014"]
[Site "Pardubice CZE"]
[Date "2014.07.17"]
[Round "6.41"]
[White "Krouzel, Jaroslav"]
[Black "Musaev, Rasul"]
[Result "1/2-1/2"]
[WhiteTitle "FM"]
[BlackTitle "FM"]
[WhiteElo "2125"]
[BlackElo "2281"]
[WhiteFideId "301566"]
[BlackFideId "24146870"]
[EventDate "2014.07.16"]

1. d4 Nf6 2. c4 e6 3. Nc3 Bb4 4. Bg5 h6 5. Bh4 O-O 6. e3 c5 7. a3 cxd4 8. axb4
dxc3 9. bxc3 d6 10. Nf3 Nc6 11. Be2 b6 12. O-O Bb7 13. Qd3 Qc7 14. Rfd1 Rad8 15.
Bxf6 gxf6 16. Qe4 Ne5 17. Qh4 Bxf3 18. gxf3 Kg7 19. Kh1 f5 20. Rg1+ Ng6 21. Rg3
Rd7 22. Rag1 Qd8 23. Qxd8 Rfxd8 24. Ra1 Rc8 25. Rgg1 Kf6 26. Rgd1 Ne5 27. Rd4
Ng6 28. b5 Ke7 29. Ra2 1/2-1/2

[Event "25th Czech Rapid G1 2014"]
[Site "Pardubice CZE"]
[Date "2014.07.17"]
[Round "6.42"]
[White "Kozlitin, Oleg"]
[Black "Andreeva, Elena"]
[Result "1-0"]
[WhiteTitle "IM"]
[WhiteElo "2331"]
[BlackElo "1946"]
[WhiteFideId "4143590"]
[BlackFideId "24104701"]
[EventDate "2014.07.16"]

1. e4 c5 2. Nf3 d6 3. d4 cxd4 4. Nxd4 Nf6 5. Nc3 Nc6 6. Bc4 g6 7. Nxc6 bxc6 8.
e5 Nd7 9. exd6 exd6 10. O-O Be7 11. Bh6 Ne5 12. Bg7 Rg8 13. Bxe5 dxe5 14. Qf3
Rf8 15. Qxc6+ Bd7 16. Qd5 Rc8 17. Bb5 f6 18. Rad1 Rc7 19. Qe6 Qc8 20. Rxd7 Rxd7
21. Rd1 1-0

[Event "25th Czech Rapid G1 2014"]
[Site "Pardubice CZE"]
[Date "2014.07.17"]
[Round "6.43"]
[White "Petuchov, Sergej"]
[Black "Akesson, Ralf"]
[Result "0-1"]
[BlackTitle "GM"]
[WhiteElo "2119"]
[BlackElo "2462"]
[WhiteFideId "309567"]
[BlackFideId "1700120"]
[EventDate "2014.07.16"]

1. e4 c5 2. Nf3 e6 3. d4 cxd4 4. Nxd4 Nc6 5. Nxc6 bxc6 6. c4 Nf6 7. Nc3 e5 8.
Bd3 Bc5 9. O-O d6 10. Na4 Bd4 11. Bg5 h6 12. Bh4 g5 13. Bg3 h5 14. h4 Ng4 15.
hxg5 Qxg5 16. Qc1 Qf6 17. Be2 h4 18. Bxg4 hxg3 0-1

[Event "25th Czech Rapid G1 2014"]
[Site "Pardubice CZE"]
[Date "2014.07.17"]
[Round "6.44"]
[White "Pinter, Erik"]
[Black "Vokoun, Jan"]
[Result "1-0"]
[WhiteTitle "IM"]
[BlackTitle "FM"]
[WhiteElo "2354"]
[BlackElo "2195"]
[WhiteFideId "14902826"]
[BlackFideId "301647"]
[EventDate "2014.07.16"]

1. e4 g6 2. d4 Bg7 3. Nc3 c6 4. Nf3 d6 5. Be2 Nd7 6. O-O e5 7. Re1 Ngf6 8. a4 a5
9. Bf1 O-O 10. h3 Re8 11. Be3 Qc7 12. Qd2 Nb6 13. b3 Nbd7 14. Rad1 Bf8 15. Ng5
h6 16. Nf3 Kh7 17. Bc4 Nb6 18. Bxf7 Qxf7 19. dxe5 Nfd7 20. exd6 Ra6 21. Bd4 c5
22. Be3 Bg7 23. Bg5 Ne5 24. Nxe5 Rxe5 25. Bf4 Re6 26. Nb5 Be5 27. Bxe5 Rxe5 28.
f4 Re6 29. Nc7 Ra7 30. e5 Nd7 31. Nxe6 Qxe6 32. Qd5 Nf8 33. Qxc5 Ra6 34. d7 1-0

[Event "25th Czech Rapid G1 2014"]
[Site "Pardubice CZE"]
[Date "2014.07.17"]
[Round "6.45"]
[White "Lebediantsev, Ruslan"]
[Black "Bystrov, Sergej M."]
[Result "1/2-1/2"]
[BlackTitle "IM"]
[WhiteElo "2145"]
[BlackElo "2280"]
[WhiteFideId "24135755"]
[BlackFideId "4118561"]
[EventDate "2014.07.16"]

1. e4 c5 2. Nf3 Nc6 3. Bb5 d6 4. O-O Bd7 5. d4 cxd4 6. Nxd4 Nf6 7. Nc3 a6 8. Ba4
e6 9. Bg5 Be7 10. Nxc6 Bxc6 11. Bxc6+ bxc6 12. Qd4 h6 13. Bh4 e5 14. Qd3 Qb6 15.
Bxf6 gxf6 16. b3 Rd8 17. Rad1 f5 18. exf5 d5 19. f6 Bxf6 20. Qf5 Bg7 21. Ne2 O-O
22. Ng3 Rfe8 23. Nh5 Re6 24. Rfe1 Rde8 25. Re3 Rg6 26. Rf3 Qc7 27. Rg3 Qd6 28.
Re1 e4 29. Nxg7 Kxg7 30. Ree3 Qe6 31. Qf4 d4 32. Re1 Re7 33. h3 c5 34. a4 Qe5
35. Rxg6+ fxg6 36. Qg4 Qf5 37. Qe2 Re6 38. Qd2 Rf6 39. Qe2 Re6 40. Qd2 Rf6 41.
Qe2 Re6 42. Qd2 Rf6 43. Re2 Qd5 1/2-1/2

[Event "25th Czech Rapid G1 2014"]
[Site "Pardubice CZE"]
[Date "2014.07.17"]
[Round "6.46"]
[White "Priasmoro, Novendra"]
[Black "Mojzis, Jaroslav"]
[Result "1/2-1/2"]
[BlackTitle "FM"]
[WhiteElo "2282"]
[BlackElo "2137"]
[WhiteFideId "7105029"]
[BlackFideId "302325"]
[EventDate "2014.07.16"]

1. e4 e5 2. Nf3 Nc6 3. Bb5 a6 4. Bxc6 dxc6 5. O-O f6 6. d4 exd4 7. Nxd4 c5 8.
Ne2 Be6 9. Nbc3 Ne7 10. Bf4 Qxd1 11. Raxd1 Rc8 12. Bg3 g6 13. Nf4 Bf7 14. Nfd5
Nxd5 15. Nxd5 Bxd5 16. Rxd5 h5 17. h3 Rh7 18. Rfd1 c6 19. R5d2 c4 20. Bd6 Rd8
21. Bxf8 Rxd2 22. Rxd2 Kxf8 23. Rd4 b5 24. Rd6 Re7 25. Rxf6+ Kg7 26. Rxc6 Rxe4
27. Kf1 Rd4 28. Ke2 a5 29. Rc5 b4 30. c3 Re4+ 31. Kf3 Re1 32. cxb4 axb4 33. Rxc4
Ra1 34. Rxb4 Rxa2 35. h4 Kf6 36. Kf4 Ra6 37. f3 Rc6 38. b3 Rd6 39. g4 hxg4 40.
fxg4 g5+ 41. hxg5+ Kg6 42. Rc4 Re6 43. b4 Rb6 44. Rd4 Re6 45. b5 Rb6 46. Rb4 Re6
47. b6 Re7 48. b7 Rxb7 49. Rc4 Rb6 50. Ra4 Rc6 51. Ra5 Rc4+ 52. Kg3 Rc1 53. Rf5
Rg1+ 54. Kh3 Rh1+ 55. Kg2 Ra1 56. Rb5 Ra3 57. Rf5 Rb3 58. Kf2 Ra3 59. Rb5 Rc3
60. Rf5 Ra3 61. Rf3 Rxf3+ 62. Kxf3 Kxg5 1/2-1/2

[Event "25th Czech Rapid G1 2014"]
[Site "Pardubice CZE"]
[Date "2014.07.17"]
[Round "6.47"]
[White "Pulpan, Jakub"]
[Black "Tokranovs, Dmitrijs"]
[Result "0-1"]
[WhiteElo "2218"]
[BlackElo "2297"]
[WhiteFideId "302759"]
[BlackFideId "11603011"]
[EventDate "2014.07.16"]

1. Nf3 d5 2. b3 c5 3. Bb2 Nc6 4. e3 Nf6 5. Be2 g6 6. O-O Bg7 7. Ne5 O-O 8. Nxc6
bxc6 9. d3 Qc7 10. f4 Ne8 11. Bxg7 Nxg7 12. Bf3 e5 13. Qd2 exf4 14. exf4 Ne6 15.
g3 Nd4 16. Nc3 Bf5 17. Rae1 Rae8 18. Bg2 Qa5 19. Rxe8 Rxe8 20. Re1 Rxe1+ 21.
Qxe1 Qxc3 22. Qe8+ Kg7 23. Qe5+ Kf8 24. Qd6+ Ke8 25. Qb8+ Ke7 26. Qc7+ Ke8 27.
Qb8+ Kd7 28. Qb7+ Ke6 29. Qc8+ Kf6 30. Qh8+ Ke7 31. Qe5+ Kd7 0-1

[Event "25th Czech Rapid G1 2014"]
[Site "Pardubice CZE"]
[Date "2014.07.17"]
[Round "6.48"]
[White "Keilhack, Harald"]
[Black "Valenta, Vit"]
[Result "0-1"]
[WhiteTitle "FM"]
[BlackTitle "FM"]
[WhiteElo "2250"]
[BlackElo "2132"]
[WhiteFideId "4601904"]
[BlackFideId "307440"]
[EventDate "2014.07.16"]

1. Nf3 Nf6 2. c4 d6 3. d4 g6 4. Nc3 Bg7 5. e4 O-O 6. Be2 e5 7. O-O Nbd7 8. Re1
c6 9. Rb1 Re8 10. Bf1 a5 11. b3 Qb6 12. d5 c5 13. g3 Nf8 14. Nh4 h6 15. Bd3 Qd8
16. Ng2 Nh5 17. Be2 Nf6 18. Bd3 N8h7 19. f3 Nh5 20. Be3 f5 21. Qd2 Ng5 22. Nh4
f4 23. Bf2 Nh3+ 24. Kh1 Nxf2+ 25. Qxf2 fxg3 26. hxg3 Qg5 27. Kh2 Rf8 28. Qg2 Nf4
29. Qf1 Nh3 30. Qg2 Qh5 31. Be2 Nf4 32. gxf4 Qxh4+ 33. Kg1 exf4 34. Nb5 Kh7 35.
Qh2 Qxh2+ 36. Kxh2 Be5 37. a4 Bd7 38. Rg1 h5 39. Rg2 Rg8 40. Rh1 Kh6 41. Kg1 g5
42. Nc7 Raf8 43. Ne6 Rf6 44. Rgh2 h4 45. Kf2 Kh5 46. Ke1 Bc3+ 47. Kd1 Bd4 48.
Bf1 Bxe6 49. dxe6 Rxe6 50. Bh3 Re5 51. Bg4+ Kg6 52. Kc2 Kf6 53. Kd3 Ra8 54. Ra2
Ra6 55. Rhh2 Rb6 56. Kc2 Re8 57. Rh1 Ke5 58. Rb1 Rh8 59. Bh3 g4 60. fxg4 f3 61.
Kd3 Kf4 62. g5 Kg3 63. Bf5 h3 64. g6 h2 65. e5 h1=Q 66. Rxh1 Rxb3+ 67. Ke4 Bxe5
68. Rg1+ Kh4 69. Rg4+ Kh5 70. g7 Rg8 71. Rf2 Rc3 72. Kd5 Rxg7 73. Rxg7 Bxg7 74.
Be4 Kg4 75. Kxd6 Bd4 76. Rf1 f2 77. Bxb7 Rxc4 78. Bc6 Kf4 79. Bb5 Rc2 80. Kd5
Ke3 81. Rh1 Rb2 82. Rh3+ Kd2 83. Rh1 Rb3 84. Bc4 Rg3 85. Rf1 Rg1 86. Kc6 Rxf1
87. Bxf1 Ke1 88. Bh3 c4 0-1

[Event "25th Czech Rapid G1 2014"]
[Site "Pardubice CZE"]
[Date "2014.07.17"]
[Round "6.49"]
[White "Sykora, Josef"]
[Black "Semenova, Elena1"]
[Result "0-1"]
[BlackTitle "WIM"]
[WhiteElo "2117"]
[BlackElo "2215"]
[WhiteFideId "313220"]
[BlackFideId "24125148"]
[EventDate "2014.07.16"]

1. c4 e5 2. g3 Nf6 3. Bg2 Nc6 4. Nc3 Bb4 5. Nd5 Bc5 6. e3 O-O 7. Ne2 d6 8. O-O
Bg4 9. a3 Nxd5 10. cxd5 Ne7 11. h3 Bh5 12. b4 Bb6 13. Bb2 Qd7 14. Kh2 a5 15. Re1
axb4 16. axb4 Rxa1 17. Qxa1 Bxe2 18. Rxe2 Qb5 19. Re1 Nxd5 20. Bc3 Qc4 21. Bxd5
Qxd5 22. Qa4 h6 23. Qd7 Ra8 24. Rg1 Qf3 25. Rf1 Qf6 26. Qg4 d5 27. f4 d4 28. Ra1
Rd8 29. exd4 Bxd4 30. Ra2 Bxc3 31. dxc3 exf4 32. Qxf4 Qxc3 33. Rf2 Rd7 34. h4
Qd4 35. Qf5 g6 36. Qf3 h5 37. Re2 Qxb4 38. Qe3 Kh7 39. Qe8 Qd4 40. Re4 Qd1 41.
Re1 Rd2+ 42. Kg1 Qf3 0-1

[Event "25th Czech Rapid G1 2014"]
[Site "Pardubice CZE"]
[Date "2014.07.17"]
[Round "6.50"]
[White "Chovanec, Vladimir"]
[Black "Bibik, Jura"]
[Result "1/2-1/2"]
[BlackTitle "IM"]
[WhiteElo "2100"]
[BlackElo "2228"]
[WhiteFideId "14907860"]
[BlackFideId "4113071"]
[EventDate "2014.07.16"]

1. e4 e5 2. Nf3 Qe7 3. Bc4 d6 4. d3 h6 5. Nc3 c6 6. Be3 g6 7. h3 Bg7 8. Bb3 Nf6
9. Qd2 Be6 10. O-O-O Nbd7 11. Rhe1 a5 12. Bxe6 Qxe6 13. d4 Qe7 14. Kb1 a4 15. a3
h5 16. dxe5 dxe5 17. Qd6 Qxd6 18. Rxd6 Bf8 19. Rd3 Be7 20. Red1 b5 21. Ng5 Nc5
22. Bxc5 Bxc5 23. Nf3 O-O 24. Nxe5 b4 25. axb4 Bxb4 26. Nxc6 Bxc3 27. Rxc3 Nxe4
28. Rf3 Kg7 29. Rd4 f5 30. Ra3 Rfc8 31. f3 1/2-1/2